Evaluation of electrophysiological signals as an indicator of intracranial pressure in animals with simulated hematomas /

Bibliographic Details
Main Author: Abdul-Hay, Roger Emile, 1963-
Format: Thesis eBook
Language:English
Published: [Place of publication not identified] : [publisher not identified] ; 1992.
Subjects:
Online Access:Link to OAKTrust copy

MARC

Tag First Indicator Second Indicator Subfields
LEADER 00000cam a2200000 a 4500
001 in00001165645
005 20220103115145.0
007 cr unu a
008 940328s1992 xx a b 000 0 eng d
035 |9 AGF5024AM 
035 |a (OCoLC)30044514 
040 |a TXA  |c TXA  |d UtOrBLW 
049 |a TXAM  |a TXAR 
099 |a 1992  |a Thesis  |a A136 
100 1 |a Abdul-Hay, Roger Emile,  |d 1963- 
245 1 0 |a Evaluation of electrophysiological signals as an indicator of intracranial pressure in animals with simulated hematomas /  |c by Roger Emile Abdul-Hay. 
264 1 |a [Place of publication not identified] :  |b [publisher not identified] ;  |c 1992. 
300 |a x, 94 leaves :  |b illustrations ;  |c 28 cm. 
336 |a text  |b txt  |2 rdacontent 
337 |a computer  |b c  |2 rdamedia 
338 |a online resource  |b cr  |2 rdacarrier 
500 |a "Major subject: Bioengineering". 
500 |a Vita. 
502 |b M.S.  |c Texas A&M University  |d 1992. 
504 |a Includes bibliographical references. 
530 |a Also available online. 
650 0 |a Auditory evoked response  |x Mathematical models. 
650 0 |a Brain damage  |x Diagnosis. 
650 0 |a Evoked potentials (Electrophysiology)  |x Data processing. 
650 0 |a Head  |x Wounds and injuries  |x Diagnosis. 
650 4 |a Major bioengineering. 
856 4 1 |u https://hdl.handle.net/1969.1/ETD-TAMU-1992-THESIS-A136  |z Link to OAKTrust copy  |t 0 
999 |a MARS 
999 f f |s c227b906-8eac-33c5-986d-07cc330526b0  |i 9c4bd50f-5aa5-3b2f-86fe-8315cfa03742  |t 0 
952 f f |p noncirc  |a Texas A&M University  |b J.J. Pickle Campus  |c High Density Repository  |s HDR  |d Remote Storage  |t 0  |e 1992 Thesis A136  |h Other scheme  |i computer -- online resource  |m A14841041680 
952 f f |a Texas A&M University  |b College Station  |c Electronic Resources  |s www_evans  |d Available Online  |t 0  |e 1992 Thesis A136  |h Other scheme 
998 f f |a 1992 Thesis A136  |t 0  |l Available Online 
998 f f |a 1992 Thesis A136  |t 0  |l Remote Storage